01175nam a2200253 a 450000100100000000500170001000800410002702000150006804000250008310000440010824500850015225000120023726000940024930000280034349000220037150000680039350400320046171000550049383000290054895201110057795201050068895201110079399900170090400004047520201002034145.0130823s2001 mx 000 0 spa d a9683690416 aDO-SdBNPbspacBNPHU1 aCarmona Lara, María del Carmen96677710aDerechos en relación con el medio ambiente /cMaría del Carmen Carmona Lara. a2a. ed. aMéxico :bUniversidad Nacional Autónoma de México :bCámara de Diputados;,c2001. a114 p. :bil. ;c22 cm.1 aNuestros derechos aIncluye datos biográficos de los autores en la contracubierta aBibliografía : p. 111-1142 aUniversidad Nacional Autónoma de México942447 0aNuestros derechos966667 001050718MOaGRbGRcCTd2013-08-26iLF1l0o p40475-10r2020-06-25te. 3w2020-06-25y1ZNo se presta 001050718MOaGRbGRcCTd2013-08-26iLF1l0o p40475-20r2020-06-25w2020-06-25y1ZNo se presta 001050718MOaGRbGRcCTd2013-08-26iLF1l0o p40475-30r2020-06-25te. 2w2020-06-25y1ZNo se presta c39965d39965